|
|
|
|
| LEADER |
01048ncm a22002772a 4500 |
| 001 |
001138740 |
| 003 |
CZ BrMZK |
| 005 |
20110215124044.0 |
| 007 |
qu |
| 008 |
110215s1937 xr |||||||||||||||||cze d |
| 040 |
|
|
|a BOA001
|b cze
|
| 041 |
0 |
|
|a cze
|a slo
|
| 072 |
|
7 |
|a 784
|x Vokální hudba
|2 Konspekt
|9 9
|
| 100 |
1 |
|
|a Šafránek, František
|7 jx20090826020
|4 cmp
|
| 245 |
1 |
0 |
|a Slovenská romanca
|h [hudebnina] :
|b parafráza a tango /
|c hudba Fr. Šafránek & A. Drábek ; slova Jan Volkov ; slovenský tekst Ilja J. Marko
|
| 260 |
|
|
|a Praha :
|b Zdeněk Vlk,
|c 1937
|
| 300 |
|
|
|a [4] s.
|
| 490 |
1 |
|
|a [Popěvky nakladatelství Zdeňka Vlka] ;
|v 355
|
| 700 |
1 |
|
|a Drábek, Antonín
|7 ola2008455559
|4 cmp
|
| 700 |
1 |
|
|a Volkov, Jan,
|d 1898-1971
|7 jo2009521389
|4 lyr
|
| 700 |
1 |
|
|a Marko, Iľja Jozef,
|d 1907-1980
|7 xx0030846
|4 lyr
|
| 830 |
|
0 |
|a [Popěvky nakladatelství Zdeňka Vlka]
|
| 910 |
|
|
|a BOA001
|b Mus1-0170.877,355
|
| 990 |
|
|
|a MU
|
| 991 |
|
|
|b 201102
|
| 996 |
6 |
|
|b 2619354373
|c Mus1-0170.877,355
|l MZK
|r Sklad / do 1 hodiny
|n 0
|w 001169798
|u 000010
|a 1
|e BOA001
|j MZK50
|s P
|